000 01314nam a2200313 a 4500
001 000021080
005 20250606121936.0
008 100830s2005 es a 001 0 spa d
020 _a8400083601
040 _aDO-SdBNP
_bspa
_cBNPHU
082 _a305.2097291
_bA283f
100 1 _aAguilera Manzano, José María
_944077
245 1 3 _aLa formación de la identidad cubana :
_b(el debate Saco-La Sagra) /
_cJosé María Aguilera Manzano.
260 _aSevilla, España :
_bCSIC :,
_c2005.
300 _a243 p. ;
_c21 cm.
490 1 _aDifusión y estudio
_v447
504 _aIncluye bibliografía y notas al pie de páginas.
504 _aBibliografía: p.219- 243.
600 1 4 _aSACO LÓPEZ CISNEROS, JOSÉ ANTONIO,
_d1797-1879
_xCRÍTICA E INTERPRETACIÓN
_944078
600 1 4 _aSAGRA PERIZ, RAMÓN DE LA,
_d1798-1871,
_xCRÍTICA E INTERPRETACIÓN
_944079
650 0 _aIdentidad nacional
_92163
651 4 _aCuba
_xCaracterísticas Nacionales
_944080
651 4 _aCuba
_xHistoria Social
_944081
650 4 _aIdentidad cultural
_zCuba
_xEnsayos, conferencias, etc.
_944082
710 1 _aConsejo Superior de Investigaciones Científicas (España).
_bEscuela de Estudios Hispano-Americanos,
_944083
830 0 _aDifusión y estudio
_v447
_915205
910 _aValidado. Control de calidad EMS
049 _aBNPD
999 _c20582
_d20582